|
|
|
|
| LEADER |
00000nam a2200000 a 4500 |
| 001 |
vtls001105689 |
| 003 |
SK-MaSNL |
| 005 |
20260302064217.0 |
| 008 |
250414s1977 xo 0 slo |
| 015 |
|
|
|a SNBA1977
|
| 020 |
|
|
|q (brož.)
|
| 035 |
|
|
|a SNK000048531
|
| 040 |
|
|
|a SNK
|b slo
|c SNK
|e AACR2
|
| 041 |
0 |
|
|a slo
|
| 044 |
|
|
|a xo
|c SK
|
| 080 |
|
|
|a 882-3
|2 1981
|
| 100 |
1 |
|
|a Strugackij, Arkadij Natanovič,
|d 1925-1991
|4 aut
|9 186803
|
| 245 |
1 |
0 |
|a Chlapec z planéty Giganda
|c Arkadij STRUGACKIJ, Boris STRUGACKIJ ; Arkadij Strugackij, Boris Strugackij, Jozef Svítek, Ľudovít Hološka, Ján Meisner
|
| 260 |
|
|
|a Bratislava
|b Smena
|c 1977
|e Bratislava
|f Pravda
|
| 300 |
|
|
|a 48 s., 10,24 AH
|c 28 cm
|
| 366 |
|
|
|e 30000 výtl.
|
| 490 |
0 |
|
|a Dobrodružné romány
|
| 500 |
|
|
|a Č. 248.
|
| 700 |
1 |
|
|a Strugackij, Boris Natanovič,
|d 1933-2012
|4 aut
|9 154728
|
| 700 |
1 |
|
|a Strugackij, Arkadij Natanovič,
|d 1925-1991
|4 aut
|9 186803
|
| 700 |
1 |
|
|a Svítek, Jozef
|4 trl
|9 272626
|
| 700 |
1 |
|
|a Hološka, Ľudovít,
|d 1943-
|4 bkd
|9 105345
|
| 700 |
1 |
|
|a Meisner, Ján
|4 bkd
|9 279454
|
| 852 |
|
|
|a Slovenská národná knižnica
|
| 954 |
|
|
|a romány dobrodružné
|a literatúra vedeckofantastická
|a literatúra národov ZSSR
|
| 958 |
|
|
|a OND
|
| 958 |
|
|
|a BQ
|
| 958 |
|
|
|a SS
|
| 958 |
|
|
|a TL
|
| 958 |
|
|
|a UP
|
| 999 |
|
|
|c 1136413
|d 1138343
|
| 952 |
|
|
|a SNK
|b SNK
|y PREZ
|7 0
|p 17A0925591
|o snkSB 24897
|0 0
|1 0
|4 0
|d 2012-07-25
|f 1
|l 0
|r 2026-02-24 19:19:47
|w 2026-02-24
|
| 952 |
|
|
|t P60, <05>, [BOOK], {605}
|a SNK
|b SNK
|y PREZ
|7 0
|p 17A0229409
|o snkSB 24897 D1
|0 0
|1 0
|4 0
|d 2000-02-28
|l 0
|r 2004-12-31 00:00:00
|w 2026-02-24
|